| 000 | 00646nam a22002657a 4500 | ||
|---|---|---|---|
| 003 | UA-OsUOA | ||
| 001 | 30449 | ||
| 007 | ta | ||
| 008 | 20041110b un ||||| |||| 00| 0 ukr d | ||
| 100 | _aШекспир Уильям | ||
| 090 |
_a821.111 _bШ41 |
||
| 942 | _cBK | ||
| 040 |
_aUA-OsUOA _brus _cUA-OsUOA _dUA-OsUOA |
||
| 245 | _aСобрание сочинений в восьми томах | ||
| 300 | _a494 с. | ||
| 955 | _a0 | ||
| 041 | _arus | ||
| 080 | _a821.111 | ||
| 020 | _a5-88589-030-7(т.5) | ||
| 260 |
_aМосква _bИнтербук _c1997 |
||
| 246 | 3 | 1 |
_aТ.5 _n |
| 044 | _aRU | ||
| 650 | 7 | _2UDC | |
| 999 |
_c316861 _d316861 |
||